Statistics for Capitals of Flags Letter G

Click here to take the quiz!

General Stats

  • This quiz has been taken 37 times
  • The average score is 8 of 11

Answer Stats

Answer% Correct
Athens
93%
Berlin
93%
Guatemala City
86%
Accra
71%
Bissau
71%
Tbilisi
71%
Saint George
64%
Banjul
57%
Conakry
57%
Georgetown
57%
Libreville
50%

Score Distribution

Percentile by Number Answered

Percent of People with Each Score

Your Score History

You have not taken this quiz